<?xml version="1.0" encoding="UTF-8"?>
<collection xmlns="http://www.loc.gov/MARC21/slim">
 <record>
  <leader>11484cam a2201585   4500</leader>
  <controlfield tag="001">812506510</controlfield>
  <controlfield tag="003">DE-627</controlfield>
  <controlfield tag="005">20241214230033.0</controlfield>
  <controlfield tag="007">tu</controlfield>
  <controlfield tag="008">141210s2015    gw ||||| ccc  00| ||ger c</controlfield>
  <datafield tag="015" ind1=" " ind2=" ">
   <subfield code="a">14,N50</subfield>
   <subfield code="2">dnb</subfield>
  </datafield>
  <datafield tag="016" ind1="7" ind2=" ">
   <subfield code="a">1062807197</subfield>
   <subfield code="2">DE-101</subfield>
  </datafield>
  <datafield tag="020" ind1=" " ind2=" ">
   <subfield code="a">9783422073135</subfield>
   <subfield code="c">Gb. : ca. EUR 29.90 (DE), ca. EUR 30.80 (AT), ca. sfr 40.90 (freier Pr.)</subfield>
   <subfield code="9">978-3-422-07313-5</subfield>
  </datafield>
  <datafield tag="020" ind1=" " ind2=" ">
   <subfield code="a">9783925212932</subfield>
   <subfield code="c"> : Museumsausgabe</subfield>
   <subfield code="9">978-3-925212-93-2</subfield>
  </datafield>
  <datafield tag="024" ind1="3" ind2=" ">
   <subfield code="a">9783422073135</subfield>
  </datafield>
  <datafield tag="035" ind1=" " ind2=" ">
   <subfield code="a">(DE-627)812506510</subfield>
  </datafield>
  <datafield tag="035" ind1=" " ind2=" ">
   <subfield code="a">(DE-576)423867709</subfield>
  </datafield>
  <datafield tag="035" ind1=" " ind2=" ">
   <subfield code="a">(DE-599)DNB1062807197</subfield>
  </datafield>
  <datafield tag="035" ind1=" " ind2=" ">
   <subfield code="a">(OCoLC)911989869</subfield>
  </datafield>
  <datafield tag="035" ind1=" " ind2=" ">
   <subfield code="a">(OCoLC)898074397</subfield>
  </datafield>
  <datafield tag="035" ind1=" " ind2=" ">
   <subfield code="a">(OCoLC)911989869</subfield>
  </datafield>
  <datafield tag="040" ind1=" " ind2=" ">
   <subfield code="a">DE-627</subfield>
   <subfield code="b">ger</subfield>
   <subfield code="c">DE-627</subfield>
   <subfield code="e">rakwb</subfield>
  </datafield>
  <datafield tag="041" ind1=" " ind2=" ">
   <subfield code="a">ger</subfield>
  </datafield>
  <datafield tag="044" ind1=" " ind2=" ">
   <subfield code="c">XA-DE</subfield>
   <subfield code="c">XA-DE-BE</subfield>
  </datafield>
  <datafield tag="050" ind1=" " ind2="0">
   <subfield code="a">N5267.K365</subfield>
  </datafield>
  <datafield tag="082" ind1="0" ind2=" ">
   <subfield code="a">700-9492</subfield>
  </datafield>
  <datafield tag="082" ind1="0" ind2=" ">
   <subfield code="a">700</subfield>
  </datafield>
  <datafield tag="082" ind1="0" ind2="4">
   <subfield code="a">700</subfield>
   <subfield code="q">DNB</subfield>
  </datafield>
  <datafield tag="084" ind1=" " ind2=" ">
   <subfield code="a">9,10</subfield>
   <subfield code="2">ssgn</subfield>
  </datafield>
  <datafield tag="084" ind1=" " ind2=" ">
   <subfield code="a">LH 60400</subfield>
   <subfield code="q">BVB</subfield>
   <subfield code="2">rvk</subfield>
   <subfield code="0">(DE-625)rvk/94195:</subfield>
  </datafield>
  <datafield tag="084" ind1=" " ind2=" ">
   <subfield code="a">LH 44290</subfield>
   <subfield code="q">BVB</subfield>
   <subfield code="2">rvk</subfield>
   <subfield code="0">(DE-625)rvk/93536:</subfield>
  </datafield>
  <datafield tag="084" ind1=" " ind2=" ">
   <subfield code="a">LH 60460</subfield>
   <subfield code="2">rvk</subfield>
   <subfield code="0">(DE-625)rvk/94197:</subfield>
  </datafield>
  <datafield tag="084" ind1=" " ind2=" ">
   <subfield code="a">NZ 74025</subfield>
   <subfield code="q">DE-24/20sred</subfield>
   <subfield code="2">rvk</subfield>
   <subfield code="0">(DE-625)rvk/162948:</subfield>
  </datafield>
  <datafield tag="084" ind1=" " ind2=" ">
   <subfield code="a">07</subfield>
   <subfield code="2">bwlb</subfield>
  </datafield>
  <datafield tag="084" ind1=" " ind2=" ">
   <subfield code="a">521</subfield>
   <subfield code="2">bwlb</subfield>
  </datafield>
  <datafield tag="084" ind1=" " ind2=" ">
   <subfield code="a">862</subfield>
   <subfield code="2">bwlb</subfield>
  </datafield>
  <datafield tag="084" ind1=" " ind2=" ">
   <subfield code="a">863</subfield>
   <subfield code="2">bwlb</subfield>
  </datafield>
  <datafield tag="084" ind1=" " ind2=" ">
   <subfield code="a">20.14</subfield>
   <subfield code="2">bkl</subfield>
  </datafield>
  <datafield tag="084" ind1=" " ind2=" ">
   <subfield code="a">20.16</subfield>
   <subfield code="2">bkl</subfield>
  </datafield>
  <datafield tag="084" ind1=" " ind2=" ">
   <subfield code="a">20.70</subfield>
   <subfield code="2">bkl</subfield>
  </datafield>
  <datafield tag="084" ind1=" " ind2=" ">
   <subfield code="a">15.55</subfield>
   <subfield code="2">bkl</subfield>
  </datafield>
  <datafield tag="245" ind1="1" ind2="0">
   <subfield code="a">Aufgeklärter Kunstdiskurs und höfische Sammelpraxis</subfield>
   <subfield code="b">Karoline Luise von Baden im europäischen Kontext ; [... Aufsatzband versteht sich als ... Bestandteil der im Sommer 2015 in Karlsruhe präsentierten Großen Landesausstellung &quot;Die Meister-Sammlerin. Karoline Luise von Baden&quot; in der Staatlichen Kunsthalle Karlsruhe und der thematischen Sonderausstellung &quot;En Voyage. Die Europareisen der Karoline Luise von Baden&quot; im Generallandesarchiv]</subfield>
   <subfield code="c">Università della Svizzera Italiana, Lugano/Mendrisio ... Hrsg. von Christoph Frank ...</subfield>
  </datafield>
  <datafield tag="264" ind1=" " ind2="1">
   <subfield code="a">Berlin</subfield>
   <subfield code="a">München</subfield>
   <subfield code="b">Dt. Kunstverl.</subfield>
   <subfield code="c">[2015]</subfield>
  </datafield>
  <datafield tag="300" ind1=" " ind2=" ">
   <subfield code="a">280 S.</subfield>
   <subfield code="b">zahlr. Ill., Faks., Kt.</subfield>
   <subfield code="c">29 cm</subfield>
  </datafield>
  <datafield tag="336" ind1=" " ind2=" ">
   <subfield code="a">Text</subfield>
   <subfield code="b">txt</subfield>
   <subfield code="2">rdacontent</subfield>
  </datafield>
  <datafield tag="337" ind1=" " ind2=" ">
   <subfield code="a">ohne Hilfsmittel zu benutzen</subfield>
   <subfield code="b">n</subfield>
   <subfield code="2">rdamedia</subfield>
  </datafield>
  <datafield tag="338" ind1=" " ind2=" ">
   <subfield code="a">Band</subfield>
   <subfield code="b">nc</subfield>
   <subfield code="2">rdacarrier</subfield>
  </datafield>
  <datafield tag="500" ind1=" " ind2=" ">
   <subfield code="a">Literaturverz. S. 256 - 273</subfield>
  </datafield>
  <datafield tag="520" ind1=" " ind2=" ">
   <subfield code="a">Markgräfin Karoline Luise von Baden (1723-1783), seit 1751 verheiratet mit Markgraf Karl Friedrich von Baden-Durlach, war eine Sammlerin von europäischem Rang. Durch ihr internationales Korrespondentennetzwerk machte sie die noch junge Residenzstadt Karlsruhe zu einem Ort regen intellektuellen Austauschs. Aufgeklärter Esprit, Kunstliebe und geschicktes Agieren auf dem französischen, niederländischen und deutschen Kunstmarkt zeichnen ihr Sammeln aus. Der begleitende Aufsatzband zur Grossen Landesausstellung Baden-Württemberg in der Staatlichen Kunsthalle Karlsruhe vom 30. Mai bis 6. September 2015, mit Schwerpunkt auf der Präsentation des über 200 Gemälde umfassenden privaten Mahlerey-Cabinets der Markgräfin Karoline Luise von Baden, enthält zwanzig Forschungsbeiträge renommierter Autoren, die 2014 auf einer Tagung in Karlsruhe präsentiert wurden</subfield>
  </datafield>
  <datafield tag="583" ind1="1" ind2=" ">
   <subfield code="a">Archivierung/Langzeitarchivierung gewährleistet</subfield>
   <subfield code="f">SSG</subfield>
   <subfield code="x">XA-DE-BW</subfield>
   <subfield code="2">pdager</subfield>
   <subfield code="5">DE-16</subfield>
  </datafield>
  <datafield tag="600" ind1="1" ind2="0">
   <subfield code="a">Karoline Luise</subfield>
   <subfield code="c">Grand Duchess, consort of Charles Frederick, Grand Duke of Baden</subfield>
   <subfield code="d">1723-1783</subfield>
   <subfield code="x">Art collections</subfield>
   <subfield code="v">Exhibitions</subfield>
  </datafield>
  <datafield tag="600" ind1="1" ind2="0">
   <subfield code="a">Karoline Luise</subfield>
   <subfield code="c">Grand Duchess, consort of Charles Frederick, Grand Duke of Baden</subfield>
   <subfield code="d">1723-1783</subfield>
   <subfield code="x">Art collections</subfield>
   <subfield code="v">Congresses</subfield>
  </datafield>
  <datafield tag="600" ind1="0" ind2="7">
   <subfield code="0">(DE-588)1017766991</subfield>
   <subfield code="0">(DE-627)690422342</subfield>
   <subfield code="0">(DE-576)354306804</subfield>
   <subfield code="a">Christiane Luise</subfield>
   <subfield code="c">Baden, Markgräfin</subfield>
   <subfield code="d">1776-1829</subfield>
   <subfield code="2">gnd</subfield>
   <subfield code="7">(dpeaa)DE-631</subfield>
  </datafield>
  <datafield tag="610" ind1="2" ind2="7">
   <subfield code="0">(DE-588)4204664-6</subfield>
   <subfield code="0">(DE-627)10514164X</subfield>
   <subfield code="0">(DE-576)210163623</subfield>
   <subfield code="a">Staatliche Kunsthalle Karlsruhe</subfield>
   <subfield code="2">gnd</subfield>
   <subfield code="7">(dpeaa)DE-631</subfield>
  </datafield>
  <datafield tag="648" ind1=" " ind2="7">
   <subfield code="a">Geschichte 1700-1800</subfield>
   <subfield code="2">gnd</subfield>
   <subfield code="7">(dpeaa)DE-631</subfield>
  </datafield>
  <datafield tag="648" ind1=" " ind2="4">
   <subfield code="a">Neuzeit 1700-1800</subfield>
   <subfield code="0">(DE-631)36096</subfield>
   <subfield code="7">(dpeaa)DE-631</subfield>
  </datafield>
  <datafield tag="650" ind1=" " ind2="0">
   <subfield code="a">Art</subfield>
   <subfield code="x">Private collections</subfield>
   <subfield code="z">Germany</subfield>
   <subfield code="z">Baden-Württemberg</subfield>
   <subfield code="v">Exhibitions</subfield>
  </datafield>
  <datafield tag="650" ind1=" " ind2="0">
   <subfield code="a">Art</subfield>
   <subfield code="x">Private collections</subfield>
   <subfield code="z">Germany</subfield>
   <subfield code="z">Baden-Württemberg</subfield>
   <subfield code="v">Congresses</subfield>
  </datafield>
  <datafield tag="650" ind1=" " ind2="0">
   <subfield code="a">Art, European</subfield>
   <subfield code="y">17th century</subfield>
   <subfield code="v">Exhibitions</subfield>
  </datafield>
  <datafield tag="650" ind1=" " ind2="0">
   <subfield code="a">Art, European</subfield>
   <subfield code="y">18th century</subfield>
   <subfield code="v">Exhibitions</subfield>
  </datafield>
  <datafield tag="650" ind1=" " ind2="0">
   <subfield code="a">Art, European</subfield>
   <subfield code="y">17th century</subfield>
   <subfield code="v">Congresses</subfield>
  </datafield>
  <datafield tag="650" ind1=" " ind2="0">
   <subfield code="a">Art, European</subfield>
   <subfield code="y">18th century</subfield>
   <subfield code="v">Congresses</subfield>
  </datafield>
  <datafield tag="650" ind1="0" ind2="7">
   <subfield code="0">(DE-588)4128844-0</subfield>
   <subfield code="0">(DE-627)105714259</subfield>
   <subfield code="0">(DE-576)209605545</subfield>
   <subfield code="a">Sammlung</subfield>
   <subfield code="2">gnd</subfield>
   <subfield code="7">(dpeaa)DE-631</subfield>
  </datafield>
  <datafield tag="650" ind1="0" ind2="7">
   <subfield code="0">(DE-588)4006627-7</subfield>
   <subfield code="0">(DE-627)106376888</subfield>
   <subfield code="0">(DE-576)208866353</subfield>
   <subfield code="a">Bildnis</subfield>
   <subfield code="2">gnd</subfield>
   <subfield code="7">(dpeaa)DE-631</subfield>
  </datafield>
  <datafield tag="650" ind1="0" ind2="7">
   <subfield code="0">(DE-588)4122200-3</subfield>
   <subfield code="0">(DE-627)105764175</subfield>
   <subfield code="0">(DE-576)209549483</subfield>
   <subfield code="a">Höfische Kultur</subfield>
   <subfield code="2">gnd</subfield>
   <subfield code="7">(dpeaa)DE-631</subfield>
  </datafield>
  <datafield tag="650" ind1="0" ind2="7">
   <subfield code="0">(DE-588)4000464-8</subfield>
   <subfield code="0">(DE-627)106401114</subfield>
   <subfield code="0">(DE-576)208838163</subfield>
   <subfield code="a">Adel</subfield>
   <subfield code="2">gnd</subfield>
   <subfield code="7">(dpeaa)DE-631</subfield>
  </datafield>
  <datafield tag="650" ind1="0" ind2="7">
   <subfield code="0">(DE-588)4125698-0</subfield>
   <subfield code="0">(DE-627)104470348</subfield>
   <subfield code="0">(DE-576)209578750</subfield>
   <subfield code="a">Kultur</subfield>
   <subfield code="2">gnd</subfield>
   <subfield code="7">(dpeaa)DE-631</subfield>
  </datafield>
  <datafield tag="650" ind1=" " ind2="4">
   <subfield code="a">Karlsruhe</subfield>
  </datafield>
  <datafield tag="651" ind1=" " ind2="7">
   <subfield code="0">(DE-588)4029713-5</subfield>
   <subfield code="0">(DE-627)106273159</subfield>
   <subfield code="0">(DE-576)208983864</subfield>
   <subfield code="a">Karlsruhe</subfield>
   <subfield code="2">gnd</subfield>
   <subfield code="7">(dpeaa)DE-631</subfield>
  </datafield>
  <datafield tag="655" ind1=" " ind2="7">
   <subfield code="a">Ausstellungskatalog</subfield>
   <subfield code="x">Staatliche Kunsthalle Karlsruhe</subfield>
   <subfield code="y">30.05.2015-06.09.2015</subfield>
   <subfield code="z">Karlsruhe</subfield>
   <subfield code="0">(DE-588)4135467-9</subfield>
   <subfield code="0">(DE-627)10566491X</subfield>
   <subfield code="0">(DE-576)209660988</subfield>
   <subfield code="2">gnd-content</subfield>
  </datafield>
  <datafield tag="655" ind1=" " ind2="7">
   <subfield code="a">Bildband</subfield>
   <subfield code="0">(DE-588)4145395-5</subfield>
   <subfield code="0">(DE-627)104450835</subfield>
   <subfield code="0">(DE-576)209741139</subfield>
   <subfield code="2">gnd-content</subfield>
  </datafield>
  <datafield tag="655" ind1=" " ind2="7">
   <subfield code="a">Aufsatzsammlung</subfield>
   <subfield code="0">(DE-588)4143413-4</subfield>
   <subfield code="0">(DE-627)105605727</subfield>
   <subfield code="0">(DE-576)209726091</subfield>
   <subfield code="2">gnd-content</subfield>
  </datafield>
  <datafield tag="655" ind1=" " ind2="7">
   <subfield code="a">Biografie</subfield>
   <subfield code="0">(DE-588)4006804-3</subfield>
   <subfield code="0">(DE-627)104213493</subfield>
   <subfield code="0">(DE-576)208867147</subfield>
   <subfield code="2">gnd-content</subfield>
  </datafield>
  <datafield tag="655" ind1=" " ind2="7">
   <subfield code="a">Ausstellungskatalog</subfield>
   <subfield code="x">Staatliche Kunsthalle</subfield>
   <subfield code="y">30.05.2015-06.09.2015</subfield>
   <subfield code="0">(DE-588)4135467-9</subfield>
   <subfield code="0">(DE-627)10566491X</subfield>
   <subfield code="0">(DE-576)209660988</subfield>
   <subfield code="2">gnd-content</subfield>
  </datafield>
  <datafield tag="655" ind1=" " ind2="7">
   <subfield code="a">Ausstellungskatalog</subfield>
   <subfield code="x">Generallandesarchiv</subfield>
   <subfield code="y">17.06.-16.10.2015</subfield>
   <subfield code="0">(DE-588)4135467-9</subfield>
   <subfield code="0">(DE-627)10566491X</subfield>
   <subfield code="0">(DE-576)209660988</subfield>
   <subfield code="2">gnd-content</subfield>
  </datafield>
  <datafield tag="689" ind1="0" ind2="0">
   <subfield code="d">p</subfield>
   <subfield code="0">(DE-588)118667211</subfield>
   <subfield code="0">(DE-627)079451551</subfield>
   <subfield code="0">(DE-576)209259930</subfield>
   <subfield code="a">Caroline Luise</subfield>
   <subfield code="c">Baden, Markgräfin</subfield>
   <subfield code="d">1723-1783</subfield>
   <subfield code="2">gnd</subfield>
  </datafield>
  <datafield tag="689" ind1="0" ind2="1">
   <subfield code="d">g</subfield>
   <subfield code="0">(DE-588)4015701-5</subfield>
   <subfield code="0">(DE-627)104289007</subfield>
   <subfield code="0">(DE-576)208913092</subfield>
   <subfield code="a">Europa</subfield>
   <subfield code="2">gnd</subfield>
  </datafield>
  <datafield tag="689" ind1="0" ind2="2">
   <subfield code="d">s</subfield>
   <subfield code="0">(DE-588)4120630-7</subfield>
   <subfield code="0">(DE-627)105775134</subfield>
   <subfield code="0">(DE-576)20953673X</subfield>
   <subfield code="a">Kunstmarkt</subfield>
   <subfield code="2">gnd</subfield>
  </datafield>
  <datafield tag="689" ind1="0" ind2="3">
   <subfield code="d">s</subfield>
   <subfield code="0">(DE-588)4074442-5</subfield>
   <subfield code="0">(DE-627)106089617</subfield>
   <subfield code="0">(DE-576)209193867</subfield>
   <subfield code="a">Mäzenatentum</subfield>
   <subfield code="2">gnd</subfield>
  </datafield>
  <datafield tag="689" ind1="0" ind2="4">
   <subfield code="d">s</subfield>
   <subfield code="0">(DE-588)4128844-0</subfield>
   <subfield code="0">(DE-627)105714259</subfield>
   <subfield code="0">(DE-576)209605545</subfield>
   <subfield code="a">Sammlung</subfield>
   <subfield code="2">gnd</subfield>
  </datafield>
  <datafield tag="689" ind1="0" ind2="5">
   <subfield code="d">s</subfield>
   <subfield code="0">(DE-588)4033552-5</subfield>
   <subfield code="0">(DE-627)106256688</subfield>
   <subfield code="0">(DE-576)209002611</subfield>
   <subfield code="a">Kulturbeziehungen</subfield>
   <subfield code="2">gnd</subfield>
  </datafield>
  <datafield tag="689" ind1="0" ind2=" ">
   <subfield code="5">DE-101</subfield>
  </datafield>
  <datafield tag="689" ind1="1" ind2="0">
   <subfield code="d">p</subfield>
   <subfield code="0">(DE-588)118667211</subfield>
   <subfield code="0">(DE-627)079451551</subfield>
   <subfield code="0">(DE-576)209259930</subfield>
   <subfield code="a">Caroline Luise</subfield>
   <subfield code="c">Baden, Markgräfin</subfield>
   <subfield code="d">1723-1783</subfield>
   <subfield code="2">gnd</subfield>
  </datafield>
  <datafield tag="689" ind1="1" ind2="1">
   <subfield code="d">g</subfield>
   <subfield code="0">(DE-588)4015701-5</subfield>
   <subfield code="0">(DE-627)104289007</subfield>
   <subfield code="0">(DE-576)208913092</subfield>
   <subfield code="a">Europa</subfield>
   <subfield code="2">gnd</subfield>
  </datafield>
  <datafield tag="689" ind1="1" ind2="2">
   <subfield code="d">s</subfield>
   <subfield code="0">(DE-588)4114333-4</subfield>
   <subfield code="0">(DE-627)105822957</subfield>
   <subfield code="0">(DE-576)209483733</subfield>
   <subfield code="a">Kunst</subfield>
   <subfield code="2">gnd</subfield>
  </datafield>
  <datafield tag="689" ind1="1" ind2="3">
   <subfield code="d">s</subfield>
   <subfield code="0">(DE-588)4128844-0</subfield>
   <subfield code="0">(DE-627)105714259</subfield>
   <subfield code="0">(DE-576)209605545</subfield>
   <subfield code="a">Sammlung</subfield>
   <subfield code="2">gnd</subfield>
  </datafield>
  <datafield tag="689" ind1="1" ind2="4">
   <subfield code="d">s</subfield>
   <subfield code="0">(DE-588)4120630-7</subfield>
   <subfield code="0">(DE-627)105775134</subfield>
   <subfield code="0">(DE-576)20953673X</subfield>
   <subfield code="a">Kunstmarkt</subfield>
   <subfield code="2">gnd</subfield>
  </datafield>
  <datafield tag="689" ind1="1" ind2="5">
   <subfield code="d">s</subfield>
   <subfield code="0">(DE-588)4129848-2</subfield>
   <subfield code="0">(DE-627)105706930</subfield>
   <subfield code="0">(DE-576)209613955</subfield>
   <subfield code="a">Geschmack</subfield>
   <subfield code="g">Ästhetik</subfield>
   <subfield code="2">gnd</subfield>
  </datafield>
  <datafield tag="689" ind1="1" ind2="6">
   <subfield code="d">s</subfield>
   <subfield code="0">(DE-588)4033552-5</subfield>
   <subfield code="0">(DE-627)106256688</subfield>
   <subfield code="0">(DE-576)209002611</subfield>
   <subfield code="a">Kulturbeziehungen</subfield>
   <subfield code="2">gnd</subfield>
  </datafield>
  <datafield tag="689" ind1="1" ind2="7">
   <subfield code="a">z</subfield>
   <subfield code="2">gnd</subfield>
   <subfield code="a">Geschichte</subfield>
  </datafield>
  <datafield tag="689" ind1="1" ind2=" ">
   <subfield code="5">(DE-627)</subfield>
  </datafield>
  <datafield tag="700" ind1="1" ind2=" ">
   <subfield code="a">Frank, Christoph</subfield>
   <subfield code="e">Hrsg.</subfield>
   <subfield code="0">(DE-588)1057243477</subfield>
   <subfield code="0">(DE-627)795761821</subfield>
   <subfield code="0">(DE-576)413617068</subfield>
   <subfield code="4">edt</subfield>
  </datafield>
  <datafield tag="700" ind1="0" ind2=" ">
   <subfield code="a">Caroline Luise</subfield>
   <subfield code="c">Baden, Markgräfin</subfield>
   <subfield code="d">1723-1783</subfield>
   <subfield code="0">(DE-588)118667211</subfield>
   <subfield code="0">(DE-627)079451551</subfield>
   <subfield code="0">(DE-576)209259930</subfield>
   <subfield code="4">oth</subfield>
  </datafield>
  <datafield tag="710" ind1="2" ind2=" ">
   <subfield code="a">Università della Svizzera italiana</subfield>
   <subfield code="0">(DE-588)2178299-4</subfield>
   <subfield code="0">(DE-627)300562217</subfield>
   <subfield code="0">(DE-576)197758649</subfield>
   <subfield code="4">oth</subfield>
  </datafield>
  <datafield tag="710" ind1="2" ind2=" ">
   <subfield code="a">Staatliche Kunsthalle Karlsruhe</subfield>
   <subfield code="0">(DE-588)4204664-6</subfield>
   <subfield code="0">(DE-627)10514164X</subfield>
   <subfield code="0">(DE-576)210163623</subfield>
   <subfield code="4">oth</subfield>
  </datafield>
  <datafield tag="710" ind1="2" ind2=" ">
   <subfield code="a">Generallandesarchiv Karlsruhe</subfield>
   <subfield code="0">(DE-588)1014584-9</subfield>
   <subfield code="0">(DE-627)103267956</subfield>
   <subfield code="0">(DE-576)191211591</subfield>
   <subfield code="4">oth</subfield>
  </datafield>
  <datafield tag="711" ind1="2" ind2=" ">
   <subfield code="a">Große Landesausstellung Baden-Württemberg: Die Meistersammlerin - Karoline Luise von Baden</subfield>
   <subfield code="d">2015</subfield>
   <subfield code="c">Karlsruhe</subfield>
   <subfield code="0">(DE-588)107257408X</subfield>
   <subfield code="0">(DE-627)827769695</subfield>
   <subfield code="0">(DE-576)434060046</subfield>
   <subfield code="4">oth</subfield>
  </datafield>
  <datafield tag="787" ind1="0" ind2="8">
   <subfield code="i">Rezensiert in</subfield>
   <subfield code="a">Langelüddecke, Laura</subfield>
   <subfield code="t">[Rezension von: Christoph Frank / Wolfgang Zimmermann (Hrsg.), Aufgeklärter Kunstdiskurs und höfische Sammelpraxis. Karoline Luise von Baden im europäischen Kontext - Holger Jacob-Friesen / Pia Müller-Tamm (Hrsg.), Die Meister-Sammlerin. Karoline Luise von Baden]</subfield>
   <subfield code="d">2017</subfield>
   <subfield code="w">(DE-627)1789257271</subfield>
  </datafield>
  <datafield tag="787" ind1="0" ind2="8">
   <subfield code="i">Rezensiert in</subfield>
   <subfield code="a">Lupold von Lehsten</subfield>
   <subfield code="t">[Aufgeklärter Kunstdiskurs und höfische Sammelpraxis], in: Archiv für Familiengeschichtsforschung</subfield>
   <subfield code="g">19. 2015, 3. - S. 113 - 114</subfield>
  </datafield>
  <datafield tag="787" ind1="0" ind2="8">
   <subfield code="i">Rezensiert in</subfield>
   <subfield code="a">Heinrich Hauß</subfield>
   <subfield code="t">[Aufgeklärter Kunstdiskurs und höfische Sammelpraxis], in: Badische Heimat</subfield>
   <subfield code="g">95. 2015, 4. - S. 518 - 521</subfield>
  </datafield>
  <datafield tag="787" ind1="0" ind2="8">
   <subfield code="i">Rezensiert in</subfield>
   <subfield code="a">Johannes Mangei</subfield>
   <subfield code="t">[Aufgeklärter Kunstdiskurs und höfische Sammelpraxis], in: Zeitschrift des Breisgau-Geschichtsvereins Schau-ins-Land</subfield>
   <subfield code="g">135 (2016), Seite 210-211</subfield>
  </datafield>
  <datafield tag="787" ind1="0" ind2="8">
   <subfield code="i">Rezensiert in</subfield>
   <subfield code="t">&quot;Der helle Stern Karoline Luises überstrahlt alles&quot;</subfield>
   <subfield code="d">2015</subfield>
   <subfield code="w">(DE-627)175249668X</subfield>
  </datafield>
  <datafield tag="856" ind1="4" ind2="2">
   <subfield code="u">http://deposit.dnb.de/cgi-bin/dokserv?id=4882265&amp;prov=M&amp;dok_var=1&amp;dok_ext=htm</subfield>
   <subfield code="m">X: MVB</subfield>
   <subfield code="q">text/html</subfield>
   <subfield code="v">2014-12-10</subfield>
   <subfield code="x">Verlag</subfield>
   <subfield code="3">Inhaltstext</subfield>
  </datafield>
  <datafield tag="856" ind1="4" ind2="2">
   <subfield code="u">https://swbplus.bsz-bw.de/bsz423867709rez.htm</subfield>
   <subfield code="m">B:DE-576;DE-16</subfield>
   <subfield code="q">application/pdf</subfield>
   <subfield code="v">20171005155223</subfield>
   <subfield code="x">Verlag</subfield>
   <subfield code="3">Rezension</subfield>
  </datafield>
  <datafield tag="856" ind1="4" ind2="2">
   <subfield code="u">http://d-nb.info/1062807197/04</subfield>
   <subfield code="m">B:DE-101</subfield>
   <subfield code="q">application/pdf</subfield>
   <subfield code="3">Inhaltsverzeichnis</subfield>
  </datafield>
  <datafield tag="856" ind1="4" ind2="2">
   <subfield code="u">http://www.sehepunkte.de/2017/09/28774.html</subfield>
   <subfield code="m">V:DE-576;X:Sehepunkte</subfield>
   <subfield code="q">text/html</subfield>
   <subfield code="v">20180419154209</subfield>
   <subfield code="3">Rezension</subfield>
  </datafield>
  <datafield tag="856" ind1="4" ind2="2">
   <subfield code="u">http://www.deutscherkunstverlag.de/buch/ausstellungskataloge/buchdetail/anzeige/aufgeklaerter-kunstdiskurs-und-hoefische-sammelpraxis.html</subfield>
   <subfield code="x">Verlag</subfield>
   <subfield code="y">Inhaltsbeschreibung</subfield>
  </datafield>
  <datafield tag="856" ind1="4" ind2="2">
   <subfield code="u">http://www.kunsthalle-karlsruhe.de/fileadmin/content/01_Kunsthalle/Forschung/xxFlyer_TagungKL_Ansicht.pdf</subfield>
   <subfield code="x">Verlag</subfield>
   <subfield code="y">Tagungsprogramm</subfield>
  </datafield>
  <datafield tag="935" ind1=" " ind2=" ">
   <subfield code="a">BWLB</subfield>
  </datafield>
  <datafield tag="935" ind1=" " ind2=" ">
   <subfield code="i">Blocktest</subfield>
  </datafield>
  <datafield tag="936" ind1="r" ind2="v">
   <subfield code="a">LH 60400</subfield>
   <subfield code="b">Kunstsammeln</subfield>
   <subfield code="k">Kunstgeschichte</subfield>
   <subfield code="k">Allgemeines. Allgemeine Kunstgeschichte</subfield>
   <subfield code="k">Kunstkennerschaft und Mäzenatentum</subfield>
   <subfield code="k">Kunstsammeln</subfield>
   <subfield code="0">(DE-627)1270643045</subfield>
   <subfield code="0">(DE-625)rvk/94195:</subfield>
   <subfield code="0">(DE-576)200643045</subfield>
  </datafield>
  <datafield tag="936" ind1="r" ind2="v">
   <subfield code="a">LH 44290</subfield>
   <subfield code="b">Karlsruhe</subfield>
   <subfield code="k">Kunstgeschichte</subfield>
   <subfield code="k">Allgemeines. Allgemeine Kunstgeschichte</subfield>
   <subfield code="k">Ausstellungswesen, Ausstellungskataloge</subfield>
   <subfield code="k">Ausstellungskataloge</subfield>
   <subfield code="k">Orte K</subfield>
   <subfield code="k">Karlsruhe</subfield>
   <subfield code="0">(DE-627)1271480387</subfield>
   <subfield code="0">(DE-625)rvk/93536:</subfield>
   <subfield code="0">(DE-576)201480387</subfield>
  </datafield>
  <datafield tag="936" ind1="r" ind2="v">
   <subfield code="a">LH 60460</subfield>
   <subfield code="b">Mäzenatentum (allgemeine Darstellungen)</subfield>
   <subfield code="k">Kunstgeschichte</subfield>
   <subfield code="k">Allgemeines. Allgemeine Kunstgeschichte</subfield>
   <subfield code="k">Kunstkennerschaft und Mäzenatentum</subfield>
   <subfield code="k">Mäzenatentum (allgemeine Darstellungen)</subfield>
   <subfield code="0">(DE-627)1270638106</subfield>
   <subfield code="0">(DE-625)rvk/94197:</subfield>
   <subfield code="0">(DE-576)200638106</subfield>
  </datafield>
  <datafield tag="936" ind1="r" ind2="v">
   <subfield code="a">NZ 74025</subfield>
   <subfield code="b">Frühe Neuzeit</subfield>
   <subfield code="k">Geschichte</subfield>
   <subfield code="k">Regionale Landeskunde</subfield>
   <subfield code="k">Baden-Württemberg</subfield>
   <subfield code="k">Landesgeschichte regional</subfield>
   <subfield code="k">Geschichte einzelner Territorien</subfield>
   <subfield code="k">Baden (bis 1945)</subfield>
   <subfield code="k">Geschichte Baden in einzelnen Epochen (themenübergreifend)</subfield>
   <subfield code="k">Frühe Neuzeit</subfield>
   <subfield code="0">(DE-627)168578609X</subfield>
   <subfield code="0">(DE-625)rvk/162948:</subfield>
  </datafield>
  <datafield tag="936" ind1="b" ind2="k">
   <subfield code="a">20.14</subfield>
   <subfield code="j">Kunsthandel</subfield>
   <subfield code="0">(DE-627)106406302</subfield>
  </datafield>
  <datafield tag="936" ind1="b" ind2="k">
   <subfield code="a">20.16</subfield>
   <subfield code="j">Kunstförderung</subfield>
   <subfield code="0">(DE-627)106406558</subfield>
  </datafield>
  <datafield tag="936" ind1="b" ind2="k">
   <subfield code="a">20.70</subfield>
   <subfield code="j">Europäische Kunst: Allgemeines</subfield>
   <subfield code="0">(DE-627)106406566</subfield>
  </datafield>
  <datafield tag="936" ind1="b" ind2="k">
   <subfield code="a">15.55</subfield>
   <subfield code="j">Baden-Württemberg</subfield>
   <subfield code="x">Geschichte</subfield>
   <subfield code="q">coli-conc RVK-&gt;BK</subfield>
   <subfield code="q">https://coli-conc.gbv.de/api/mappings/58b6b720-6ba5-4068-ac06-4bb36eb8c635</subfield>
   <subfield code="0">(DE-627)181571617</subfield>
  </datafield>
  <datafield tag="951" ind1=" " ind2=" ">
   <subfield code="a">BO</subfield>
  </datafield>
  <datafield tag="990" ind1=" " ind2=" ">
   <subfield code="a">Caroline Luise &lt;Baden, Markgräfin&gt; </subfield>
  </datafield>
  <datafield tag="990" ind1=" " ind2=" ">
   <subfield code="a">Europa</subfield>
  </datafield>
  <datafield tag="990" ind1=" " ind2=" ">
   <subfield code="a">Kunstmarkt</subfield>
  </datafield>
  <datafield tag="990" ind1=" " ind2=" ">
   <subfield code="a">Mäzenatentum</subfield>
  </datafield>
  <datafield tag="990" ind1=" " ind2=" ">
   <subfield code="a">Sammlung</subfield>
  </datafield>
  <datafield tag="990" ind1=" " ind2=" ">
   <subfield code="a">Kulturbeziehungen</subfield>
  </datafield>
  <datafield tag="990" ind1=" " ind2=" ">
   <subfield code="a">Caroline Luise &lt;Baden, Markgräfin&gt; </subfield>
  </datafield>
  <datafield tag="990" ind1=" " ind2=" ">
   <subfield code="a">Europa</subfield>
  </datafield>
  <datafield tag="990" ind1=" " ind2=" ">
   <subfield code="a">Kunst</subfield>
  </datafield>
  <datafield tag="990" ind1=" " ind2=" ">
   <subfield code="a">Sammlung</subfield>
  </datafield>
  <datafield tag="990" ind1=" " ind2=" ">
   <subfield code="a">Kunstmarkt</subfield>
  </datafield>
  <datafield tag="990" ind1=" " ind2=" ">
   <subfield code="a">Geschmack</subfield>
  </datafield>
  <datafield tag="990" ind1=" " ind2=" ">
   <subfield code="a">Kulturbeziehungen</subfield>
  </datafield>
  <datafield tag="990" ind1=" " ind2=" ">
   <subfield code="a">Geschichte</subfield>
  </datafield>
  <datafield tag="991" ind1=" " ind2=" ">
   <subfield code="a">Rezensiertes Werk</subfield>
  </datafield>
  <datafield tag="999" ind1=" " ind2=" ">
   <subfield code="a">KXP-PPN812506510</subfield>
   <subfield code="e">4154961845</subfield>
  </datafield>
 </record>
</collection>
